[Event "Kosice op"]
[Site "Kosice"]
[Date "1995.??.??"]
[Round "?"]
[White "Gaynutdinov, Rinat"]
[Black "Sterco, Stepan"]
[Result "1-0"]
[WhiteElo "2100"]
[BlackElo "2285"]
[PlyCount "60"]
[EventDate "1995.??.??"]
[EventType "swiss"]
[EventRounds "9"]
[EventCountry "SVK"]
[SourceTitle "EXT 2000"]
[Source "ChessBase"]
[SourceDate "1999.11.16"]
[SourceVersion "1"]
[SourceVersionDate "1999.11.16"]
[SourceQuality "1"]

1. e4 c5 2. Nf3 d6 3. d4 cxd4 4. Nxd4 Nf6 5. Nc3 a6 6. Be2 e6 7. 0-0 Be7 8. a4 0-0 9. Be3 Nc6 10. Nb3 b6 11. f4 Qc7 12. Bf3 Bb7 13. Qe1 Rac8 14. g4 Nd7 15. Rd1 Nb4 16. Rd2 Nc5 17. Nd4 Qb8 18. g5 Qa8 19. Re2 Nxe4 20. Nxe4 Bxe4 21. Bxe4 Qxe4 22. Qxb4 e5 23. fxe5 dxe5 24. Qxe7 Rce8 25. Qb4 exd4 26. Rf4 Qe7 27. Qxe7 Rxe7 28. Rxd4 Rfe8 29. Kf2 f5 30. gxf6 gxf6 1-0